000 00707pam a2200181 a 4500
020 _a0471960284 (Wiley : alk. paper)
020 _a0863801862 (Research Studies Press : alk. paper)
082 0 0 _a624.17101512943
_bKAV
_cL.NUST, P-10
100 1 _aKaveh, A.
_942843
245 1 0 _aStructural mechanics :
_bgraph and matrix methods /
_cA. Kaveh.
250 _a2nd ed.
260 _aTaunton, Somerset, England :
_bResearch Studies Press ;
_aNew York :
_bWiley,
_cc1995.
300 _axv, 440 p. :
_bill. ;
_c24 cm.
490 1 _aApplied and engineering mathematics series ;
526 _a0
_b0
_c0
_d624_171015129430000_KAV
650 0 _aStructural analysis (Engineering)
_xMatrix methods.
_91143
942 _2ddc
_cBK
999 _c546659
_d546659